[Event "Xtracon Chess Open 2017"]
[Site "Helsingor DEN"]
[Date "2017.07.22"]
[Round "1.157"]
[White "Jepsen, Thomas Tange"]
[Black "Stage, Mathias Juul"]
[Result "1-0"]
[WhiteElo "2052"]
[BlackElo "1544"]
[WhiteFideId "1405357"]
[BlackFideId "1463306"]
[EventDate "2017.07.22"]

1. d4 Nf6 2. c4 g6 3. Nc3 Bg7 4. e4 d6 5. f3 O-O 6. Be3 e5 7. d5 c5 8. Bd3 Qa5
9. Ne2 Na6 10. O-O Nb4 11. a3 Nxd3 12. Qxd3 Bd7 13. Rfb1 Qc7 14. b4 b6 15. bxc5
bxc5 16. Nb5 Bxb5 17. Rxb5 Nh5 18. Rab1 Rab8 19. g4 Nf6 20. Bd2 Rxb5 21. Rxb5 h5
22. h3 Nh7 23. gxh5 gxh5 24. Ng3 Qd7 25. Kh2 Nf6 26. Nf5 Kh7 27. Qb3 Ra8 28. Rb7
Qd8 29. Rxf7 Ne8 30. Qb7 Qc8 31. Rxg7+ Kh8 32. Rh7+ Kg8 33. Qf7# 1-0

[Event "Xtracon Chess Open 2017"]
[Site "Helsingor DEN"]
[Date "2017.07.22"]
[Round "1.158"]
[White "Skjoldager, Morten"]
[Black "Lund, Gunnar"]
[Result "0-1"]
[WhiteElo "1538"]
[BlackElo "2051"]
[WhiteFideId "1434322"]
[BlackFideId "1520814"]
[EventDate "2017.07.22"]

1. e4 e5 2. Nf3 Nc6 3. Bc4 Nf6 4. d3 Be7 5. Nc3 d6 6. h3 O-O 7. O-O Na5 8. Be3
h6 9. Nd2 c6 10. b4 Nxc4 11. dxc4 d5 12. Bc5 Bxc5 13. bxc5 Qa5 14. Qf3 d4 15.
Ncb1 Qxc5 16. Qd3 Be6 17. a4 Nd7 18. Qa3 f5 19. Qxc5 Nxc5 20. f3 fxe4 21. fxe4
Rxf1+ 22. Kxf1 Rf8+ 23. Ke2 Rf4 24. g3 Rf8 25. h4 Bg4+ 26. Ke1 Bf3 27. Nxf3 Rxf3
28. Ra3 Rxa3 29. Nxa3 Nxe4 30. g4 Kf7 31. Ke2 Nc3+ 0-1

[Event "Xtracon Chess Open 2017"]
[Site "Helsingor DEN"]
[Date "2017.07.22"]
[Round "1.159"]
[White "Saren, Bjorn"]
[Black "Hestholm, Sverre"]
[Result "1-0"]
[WhiteElo "2051"]
[BlackElo "1531"]
[WhiteFideId "1712071"]
[BlackFideId "1529161"]
[EventDate "2017.07.22"]

1. e4 e5 2. f4 d5 3. exd5 exf4 4. Nf3 Nf6 5. Be2 Nxd5 6. c4 Nf6 7. O-O Nc6 8. d4
Bd6 9. Nc3 O-O 10. c5 Be7 11. Bxf4 Nb4 12. Bc4 c6 13. Qd2 Bg4 14. Ne5 Bh5 15.
Rf2 Nbd5 16. Re1 Re8 17. h3 Bg6 18. Nxg6 hxg6 19. Be5 Qd7 20. Nxd5 Nxd5 21. Ref1
Rf8 22. Qd3 Rad8 23. Qg3 Bf6 24. Rxf6 gxf6 25. Rxf6 Kh8 26. Rxg6+ 1-0

[Event "Xtracon Chess Open 2017"]
[Site "Helsingor DEN"]
[Date "2017.07.22"]
[Round "1.160"]
[White "Yilmaz, Kazim"]
[Black "Skjoldager, Mikael"]
[Result "0-1"]
[WhiteElo "1527"]
[BlackElo "2050"]
[WhiteFideId "1514326"]
[BlackFideId "1434314"]
[EventDate "2017.07.22"]

1. e4 e5 2. Nf3 Nc6 3. Bc4 Bc5 4. Nc3 Nf6 5. d3 d6 6. Bg5 h6 7. Bh4 g5 8. Bg3
Bg4 9. Nd5 Nd4 10. Ne3 Bh5 11. c3 Nxf3+ 12. gxf3 Qd7 13. b4 Bxe3 14. fxe3 O-O-O
15. O-O Nh7 16. a4 Nf8 17. b5 Ng6 18. a5 Nh4 19. Bxh4 gxh4 20. b6 axb6 21. axb6
Qh3 22. Ra8+ Kd7 23. Rxd8+ Rxd8 24. Rf2 Rg8+ 25. Kh1 Rg3 26. Qf1 Qxf1+ 27. Rxf1
Bxf3+ 28. Rxf3 Rxf3 29. bxc7 h3 30. c8=Q+ Kxc8 31. Kg1 Kc7 32. d4 Rxe3 33. dxe5
dxe5 34. Bxf7 Rxc3 35. Bd5 b5 36. Kf2 b4 37. Kf1 b3 38. Kf2 b2 39. Ba2 Kd6 40.
Kf1 Rc1+ 41. Kf2 Ra1 42. Kg3 Rxa2 43. Kxh3 b1=Q 44. Kg3 Ra3+ 45. Kg4 Qxe4+ 46.
Kh5 Rh3# 0-1

[Event "Xtracon Chess Open 2017"]
[Site "Helsingor DEN"]
[Date "2017.07.22"]
[Round "1.161"]
[White "Roder, Peter Ulrik"]
[Black "Gade, Jens"]
[Result "1-0"]
[WhiteElo "2048"]
[BlackElo "1523"]
[WhiteFideId "1402471"]
[BlackFideId "1416111"]
[EventDate "2017.07.22"]

1. e4 c5 2. Nf3 d6 3. d4 cxd4 4. Nxd4 Nf6 5. Nc3 a6 6. Be2 e5 7. Nb3 Be7 8. a4
O-O 9. g4 Be6 10. g5 Nfd7 11. h4 f5 12. gxf6 Nxf6 13. Bf3 Nbd7 14. Be3 Rc8 15.
Rg1 Kh8 16. h5 Rg8 17. Nd5 Nxd5 18. exd5 Bf5 19. c3 Nf6 20. a5 Qd7 21. Be2 Be4
22. c4 Nxd5 23. cxd5 Bc2 24. Bg4 Bf5 25. Bxf5 Qxf5 26. Rc1 Rxc1 27. Nxc1 Rc8 28.
Qg4 Qxg4 29. Rxg4 Bf6 30. Rb4 Rc7 31. Ne2 Kg8 32. Nc3 Kf7 33. Ne4 Be7 34. Ke2 h6
35. Kf3 1-0

[Event "Xtracon Chess Open 2017"]
[Site "Helsingor DEN"]
[Date "2017.07.22"]
[Round "1.162"]
[White "Narheim, Mats"]
[Black "Crevatin, Leo"]
[Result "1/2-1/2"]
[WhiteElo "1519"]
[BlackElo "2044"]
[WhiteFideId "1518607"]
[BlackFideId "1726307"]
[EventDate "2017.07.22"]

1. e4 c5 2. Nc3 Nc6 3. Bb5 Nd4 4. Bc4 a6 5. a4 e6 6. Nge2 g6 7. d3 Bg7 8. O-O
Ne7 9. Be3 O-O 10. Qd2 Nec6 11. f4 f5 12. g3 Rb8 13. Kg2 b5 14. axb5 axb5 15.
Bb3 Nxb3 16. cxb3 Nd4 17. Bxd4 cxd4 18. Nd1 Bb7 19. Nf2 Ra8 20. Kg1 Qb6 21. h4
fxe4 22. dxe4 Bxe4 23. Nxe4 d3+ 24. Kh2 dxe2 25. Qxe2 Rxa1 26. Rxa1 Rc8 27. Ng5
Qc6 28. Kh3 h6 29. Nf3 Qd5 30. Ne5 Bxe5 31. fxe5 Qxb3 32. Rf1 Rf8 33. Rxf8+ Kxf8
34. Qf2+ Ke8 35. Qf6 Qd3 36. Qh8+ Ke7 37. Qf6+ Ke8 38. Qh8+ Kf7 39. Qf6+ Kg8 40.
Qd8+ 1/2-1/2

[Event "Xtracon Chess Open 2017"]
[Site "Helsingor DEN"]
[Date "2017.07.22"]
[Round "1.163"]
[White "Kristiansen, Willy"]
[Black "Jensen, Jonbert M. S."]
[Result "1-0"]
[WhiteElo "2041"]
[BlackElo "1515"]
[WhiteFideId "1504525"]
[BlackFideId "1435914"]
[EventDate "2017.07.22"]

1. d4 d5 2. c4 e6 3. Nf3 Nf6 4. g3 g6 5. Bg2 Bg7 6. O-O O-O 7. Nc3 c6 8. Qb3
Nbd7 9. Bg5 Qb6 10. c5 Qxb3 11. axb3 Re8 12. b4 b6 13. Bxf6 Bxf6 14. e4 Bb7 15.
Rfc1 b5 16. e5 Bg7 17. Nd2 a6 18. Nb3 Bc8 19. Na5 Nb8 20. f4 Re7 21. g4 Raa7 22.
Rf1 f6 23. Rad1 Bd7 24. h4 Be8 25. Kh2 Rf7 26. Bh3 fxe5 27. dxe5 Rae7 28. Ne2
Rf8 29. Kg3 h6 30. g5 h5 31. Rf3 Kf7 32. Nd4 Bh8 33. Kf2 Bg7 34. Ke3 Bh8 35. Kd3
Bg7 36. Rdf1 Bh8 37. Nxe6 Rxe6 38. f5 Rxe5 39. fxg6+ Ke7 40. Rxf8 Bg7 41. R8f7+ 1-0

[Event "Xtracon Chess Open 2017"]
[Site "Helsingor DEN"]
[Date "2017.07.22"]
[Round "1.164"]
[White "Kvamme, Ingrid Jodre"]
[Black "Tabaa, Ghayth"]
[Result "0-1"]
[WhiteElo "1512"]
[BlackElo "2041"]
[WhiteFideId "1516981"]
[BlackFideId "7603819"]
[EventDate "2017.07.22"]

1. Nf3 d6 2. g3 e5 3. d3 f5 4. c4 Nf6 5. Bg2 Be7 6. Nc3 O-O 7. Bd2 c6 8. O-O Qe8
9. b4 Nbd7 10. b5 Nc5 11. bxc6 bxc6 12. Rb1 Bd7 13. Be3 Ne6 14. Qc2 Ng4 15. Bd2
Qh5 16. h3 Nh6 17. Qa4 g5 18. Qa5 g4 19. Bxh6 gxf3 20. Bxf8 fxg2 21. Kxg2 Bxf8
22. Rb7 Qf7 23. Rfb1 Nc5 24. Rxa7 Rxa7 25. Qxa7 f4 26. Qb8 Qf5 27. g4 f3+ 28.
exf3 Qxd3 29. Qb4 Ne6 30. Qb3 Nf4+ 31. Kg3 Qxc3 32. Qb7 Ne2+ 33. Kg2 Be8 34. Qc8
Nf4+ 35. Kg3 Ne2+ 36. Kg2 Bf7 37. Rb8 Nf4+ 38. Kg3 Ne6 39. Rb1 Nd4 40. Rb8 Qxf3+
41. Kh2 Qxf2+ 42. Kh1 Bxc4 0-1

[Event "Xtracon Chess Open 2017"]
[Site "Helsingor DEN"]
[Date "2017.07.22"]
[Round "1.165"]
[White "Thaler, Toni"]
[Black "Morling, Aase"]
[Result "1-0"]
[WhiteElo "2041"]
[BlackElo "1512"]
[WhiteFideId "1303864"]
[BlackFideId "1440993"]
[EventDate "2017.07.22"]

1. d4 Nf6 2. c4 e6 3. Nf3 Bb4+ 4. Nbd2 O-O 5. a3 Bxd2+ 6. Bxd2 Ne4 7. Bf4 g5 8.
Bc1 d6 9. h4 g4 10. Ng5 Nxg5 11. hxg5 f6 12. e4 fxg5 13. Qxg4 e5 14. Qh5 Qd7 15.
dxe5 dxe5 16. Qxg5+ Qg7 17. Qxg7+ Kxg7 18. Bh6+ Kg8 19. Bxf8 Kxf8 20. Rxh7 Nd7
21. O-O-O Ke8 22. Be2 Nc5 23. Bh5+ 1-0

[Event "Xtracon Chess Open 2017"]
[Site "Helsingor DEN"]
[Date "2017.07.22"]
[Round "1.166"]
[White "Damm, Henrik"]
[Black "Brondum, Eric"]
[Result "0-1"]
[BlackTitle "FM"]
[WhiteElo "1506"]
[BlackElo "2040"]
[WhiteFideId "1425013"]
[BlackFideId "1400894"]
[EventDate "2017.07.22"]

1. c4 Nf6 2. Nc3 e5 3. g3 Nc6 4. Bg2 Bb4 5. d3 d6 6. Bg5 h6 7. Bd2 a5 8. a3 Bc5
9. Ne4 Nxe4 10. Bxe4 O-O 11. e3 Be6 12. Bc3 d5 13. Bg2 dxc4 14. Bxc6 bxc6 15. d4
exd4 16. exd4 Qd5 17. f3 Bb6 18. Kf2 Rad8 19. Ne2 c5 20. Nf4 Qf5 21. Nxe6 fxe6
22. Qe1 Qxf3+ 23. Kg1 cxd4 24. Qxe6+ Kh8 25. Qe1 dxc3+ 0-1

[Event "Xtracon Chess Open 2017"]
[Site "Helsingor DEN"]
[Date "2017.07.22"]
[Round "1.167"]
[White "Christiansen, Arne"]
[Black "Cuyx, Tomas"]
[Result "1-0"]
[WhiteElo "2040"]
[BlackElo "1495"]
[WhiteFideId "1402013"]
[BlackFideId "244619"]
[EventDate "2017.07.22"]

1. d4 Nf6 2. c4 c5 3. d5 e6 4. Nc3 exd5 5. cxd5 d6 6. Nf3 g6 7. Nd2 a6 8. a4 Bg7
9. Nc4 O-O 10. Bf4 Ne8 11. e3 Bf5 12. Be2 Qc7 13. O-O Nd7 14. g4 Bxc3 15. bxc3
Be4 16. f3 Ndf6 17. fxe4 Nxe4 18. Qc2 N4f6 19. Bh6 Ng7 20. Rxf6 1-0

[Event "Xtracon Chess Open 2017"]
[Site "Helsingor DEN"]
[Date "2017.07.22"]
[Round "1.168"]
[White "Grundekjon, Christian"]
[Black "Fransson, Pia"]
[Result "1-0"]
[WhiteElo "2035"]
[BlackElo "1482"]
[WhiteFideId "1512625"]
[BlackFideId "1724207"]
[EventDate "2017.07.22"]

1. Nf3 Nf6 2. b4 g6 3. Bb2 Bg7 4. e3 O-O 5. Bc4 d5 6. Bb3 Bg4 7. h3 Bxf3 8. Qxf3
Nc6 9. b5 Na5 10. O-O c5 11. bxc6 Nxc6 12. d3 Rc8 13. Qe2 b5 14. Nd2 a5 15. a4
b4 16. Nf3 Re8 17. Rad1 e5 18. e4 Re7 19. Rde1 Rcc7 20. Bc1 h6 21. Be3 d4 22.
Bd2 Nd7 23. Nh4 Ncb8 24. Nxg6 Rc3 25. Nxe7+ Qxe7 26. Qg4 Kh7 27. Qf5+ Kh8 28.
Bxc3 bxc3 29. Bxf7 Nc6 30. Rb1 Nb4 31. Rxb4 axb4 32. a5 b3 33. Bxb3 1-0

[Event "Xtracon Chess Open 2017"]
[Site "Helsingor DEN"]
[Date "2017.07.22"]
[Round "1.169"]
[White "Jensen, Hans Askov"]
[Black "Moestrup, Jorn"]
[Result "0-1"]
[WhiteElo "1481"]
[BlackElo "2034"]
[WhiteFideId "1419889"]
[BlackFideId "1403680"]
[EventDate "2017.07.22"]

1. e4 c5 2. Nc3 Nc6 3. Bb5 Nd4 4. Bc4 d6 5. f4 Rb8 6. Nf3 b5 7. Nxd4 cxd4 8.
Nxb5 Qb6 9. O-O Nf6 10. d3 g6 11. Na3 Bg7 12. e5 Nd7 13. e6 fxe6 14. Bxe6 Nf6
15. Qe2 d5 16. f5 Bxe6 17. Qxe6 Qxe6 18. fxe6 Rb6 19. c4 Rxe6 20. Nb5 Rb6 21.
Nc7+ Kd7 22. Nxd5 Nxd5 23. cxd5 Bf6 24. b3 Rb5 25. d6 Kxd6 26. Ba3+ Kd7 27. Rf2
Rc8 28. Rc1 Rc3 29. Rf3 Ra5 30. Bb2 Rxc1+ 31. Bxc1 Rxa2 32. Rf2 Ra1 33. Rf1 Rb1
34. Bg5 Rxf1+ 0-1

[Event "Xtracon Chess Open 2017"]
[Site "Helsingor DEN"]
[Date "2017.07.22"]
[Round "1.170"]
[White "De Coninck, Erik"]
[Black "Joa, Sander"]
[Result "1-0"]
[WhiteElo "2032"]
[BlackElo "1480"]
[WhiteFideId "233234"]
[BlackFideId "1523481"]
[EventDate "2017.07.22"]

1. Nf3 d5 2. g3 Nf6 3. Bg2 Bf5 4. O-O c5 5. d3 Nc6 6. Bg5 h6 7. Bxf6 gxf6 8.
Nbd2 e5 9. e4 dxe4 10. dxe4 Bg4 11. c3 Qd7 12. Nc4 O-O-O 13. Qxd7+ Rxd7 14. Ne3
h5 15. Rfd1 Be6 16. Rxd7 Kxd7 17. Rd1+ Kc8 18. Nd5 Bg7 19. Nh4 Rd8 20. Kf1 Kb8
21. Bf3 Bg4 22. Bxg4 hxg4 23. Nf5 Bh8 24. Nde3 Kc7 25. Rxd8 Kxd8 26. Nxg4 Kd7
27. Nge3 Na5 28. Ke2 b5 29. Kf3 b4 30. Kg4 Ke8 31. Kh5 Kf8 32. Kh6 Kg8 33. Nd5
bxc3 34. bxc3 Nc6 35. Nfe7+ Nxe7 36. Nxe7+ Kf8 37. Nf5 Kg8 38. c4 1-0

[Event "Xtracon Chess Open 2017"]
[Site "Helsingor DEN"]
[Date "2017.07.22"]
[Round "1.172"]
[White "Slettebo, Jan"]
[Black "Svane, Freja"]
[Result "1-0"]
[WhiteElo "2021"]
[BlackElo "1451"]
[WhiteFideId "1704958"]
[BlackFideId "12940100"]
[EventDate "2017.07.22"]

1. e4 e6 2. d4 d5 3. Nc3 Nf6 4. e5 Nfd7 5. Nf3 c5 6. dxc5 Bxc5 7. Bd3 Nc6 8. Qe2
O-O 9. Bxh7+ Kh8 10. Bd3 Be7 11. h4 g6 12. Qe3 Kg8 13. h5 Re8 14. hxg6 fxg6 15.
Bxg6 Rf8 16. Qh6 Bf6 17. Qh7# 1-0

[Event "Xtracon Chess Open 2017"]
[Site "Helsingor DEN"]
[Date "2017.07.22"]
[Round "1.173"]
[White "Christoffersen, Micki Aron"]
[Black "Jensen, Thore Nyboe"]
[Result "0-1"]
[WhiteElo "1444"]
[BlackElo "2016"]
[WhiteFideId "1454021"]
[BlackFideId "1405349"]
[EventDate "2017.07.22"]

1. e4 c5 2. Nf3 d6 3. Bc4 Nf6 4. Nc3 Nc6 5. d4 cxd4 6. Nxd4 e6 7. Be3 Be7 8. Qe2
Qc7 9. Ncb5 Qb8 10. Nc3 a6 11. O-O-O Na5 12. f4 Nxc4 13. Qxc4 b5 14. Qe2 b4 15.
Nb1 Bb7 16. Nd2 Nxe4 17. Nxe4 Bxe4 18. Bd2 Bd5 19. Rhg1 O-O 20. b3 a5 21. g4 a4
22. Qb5 Qa7 23. Bxb4 Rfb8 24. Qd3 Rxb4 0-1

[Event "Xtracon Chess Open 2017"]
[Site "Helsingor DEN"]
[Date "2017.07.22"]
[Round "1.174"]
[White "Skovgaard, Ib"]
[Black "Bredeli, Havard Iversen"]
[Result "1-0"]
[WhiteElo "2016"]
[BlackElo "1443"]
[WhiteFideId "1406760"]
[BlackFideId "1514440"]
[EventDate "2017.07.22"]

1. e4 e6 2. d4 d5 3. Nd2 Nf6 4. e5 Nfd7 5. Bd3 c5 6. c3 Nc6 7. Ndf3 Qb6 8. a3
cxd4 9. cxd4 Nxd4 10. Nxd4 Qxd4 11. Nf3 Qb6 12. Qa4 Bc5 13. O-O O-O 14. Bxh7+
Kh8 15. Qh4 f6 16. Bg6+ Kg8 17. Qh7# 1-0

[Event "Xtracon Chess Open 2017"]
[Site "Helsingor DEN"]
[Date "2017.07.22"]
[Round "1.175"]
[White "Leonhardsen, Vebjorn Maanum"]
[Black "Schmied, Andreas"]
[Result "0-1"]
[WhiteElo "1443"]
[BlackElo "2010"]
[WhiteFideId "1539515"]
[BlackFideId "4625897"]
[EventDate "2017.07.22"]

1. d4 d5 2. c4 c6 3. Nf3 Nf6 4. Nc3 dxc4 5. a4 Bf5 6. e3 e6 7. Bxc4 Nbd7 8. O-O
Bb4 9. Bd3 O-O 10. Bxf5 exf5 11. Bd2 a5 12. Ne2 Bd6 13. Re1 Ne4 14. Nc3 Ndf6 15.
h3 Re8 16. Qb3 Qe7 17. Qc2 g6 18. Rac1 h6 19. Rf1 Qe6 20. Ne2 Nd5 21. Rb1 Re7
22. Nf4 Nxf4 23. exf4 Nxd2 24. Qxd2 Bb4 25. Qd3 Kg7 26. b3 Rd8 27. Rfd1 Qd5 28.
Rbc1 f6 29. Rc4 Rde8 30. Rc2 Re4 31. g3 R8e7 32. Qc4 Qd6 33. h4 h5 34. Qd3 Qd5
35. Qc4 Rd7 36. Qxd5 Rxd5 37. Rc4 Re2 38. Rd3 Rb2 39. Kg2 Kf7 40. Kf1 Rd7 41.
Re3 Re7 42. Rxe7+ Kxe7 0-1

[Event "Xtracon Chess Open 2017"]
[Site "Helsingor DEN"]
[Date "2017.07.22"]
[Round "1.176"]
[White "Schrodt, Sebastian"]
[Black "Tjora, Alexander"]
[Result "1-0"]
[WhiteElo "2007"]
[BlackElo "1434"]
[WhiteFideId "24675563"]
[BlackFideId "1528203"]
[EventDate "2017.07.22"]

1. Nf3 Nf6 2. c4 g6 3. g3 Bg7 4. Bg2 O-O 5. O-O c5 6. Nc3 Nc6 7. e3 d5 8. cxd5
Nxd5 9. Nxd5 Qxd5 10. Nd4 Qd6 11. Nxc6 bxc6 12. Qa4 Bb7 13. Rb1 Rfd8 14. b4 c4
15. Ba3 Qxd2 16. Rbd1 Qxa2 17. Rxd8+ Rxd8 18. Qxa7 c3 19. Be4 c2 20. Qxb7 Qxa3
21. Bxc2 e6 22. Be4 Bc3 23. Rb1 Qa8 24. Qxc6 Qxc6 25. Bxc6 Rb8 26. b5 Ba5 27.
Rd1 Rd8 28. Ra1 Bb6 29. Ra6 Rb8 30. Kg2 Kg7 31. Kf3 Kf6 32. Ke4 Ke7 33. Kd3 Kd6
34. Kc4 f6 35. h4 h6 36. Be8 g5 37. hxg5 hxg5 38. Bc6 f5 39. Ra1 Rd8 40. Rh1 Ke5
41. Rh7 Rb8 42. Rf7 g4 43. Rd7 Kf6 44. Rd2 Ke5 45. Rd3 Kf6 46. Ra3 Ke5 47. Ra6
Kd6 48. Ra1 Rd8 49. Rh1 Ke5 50. Rh7 Rb8 51. Rh4 Rd8 52. Rh6 Rf8 53. Bd7 Rf6 54.
Rh8 Kd6 55. Bc6 Bc7 56. Rh7 Rf8 57. Rd7+ 1-0

[Event "Xtracon Chess Open 2017"]
[Site "Helsingor DEN"]
[Date "2017.07.22"]
[Round "1.177"]
[White "Aasen, Fredrik"]
[Black "Magnusson, Magnus"]
[Result "0-1"]
[WhiteElo "1430"]
[BlackElo "2005"]
[WhiteFideId "1539060"]
[BlackFideId "2302128"]
[EventDate "2017.07.22"]

1. e4 e5 2. Nf3 Nc6 3. d4 exd4 4. Bc4 Bc5 5. c3 d3 6. Qxd3 d6 7. h3 Nf6 8. O-O
Qe7 9. Bg5 h6 10. Bxf6 Qxf6 11. Re1 g5 12. b4 Bb6 13. Bb5 Bd7 14. Qd2 O-O-O 15.
a4 a6 16. Bxc6 bxc6 17. Qe2 Kb7 18. Qa2 g4 19. hxg4 Bxg4 20. Nbd2 Rhg8 21. Kf1
h5 22. b5 a5 23. bxc6+ Ka7 24. Rab1 h4 25. Rxb6 cxb6 26. Rb1 Bxf3 27. Nxf3 h3
28. Qb3 hxg2+ 29. Kg1 Rb8 30. Nd4 Rgc8 31. c7 Rxc7 32. Nb5+ Kb7 33. Nxc7 Kxc7
34. Kxg2 Qg5+ 35. Kf1 Qh5 36. Qc4+ Kd7 37. Qd3 Qc5 38. Rb5 Qc6 39. e5 Kc7 40.
exd6+ Qxd6 41. Qc4+ Kb7 42. Qxf7+ Qc7 43. Qd5+ Ka7 44. Qd4 Ka8 45. Rd5 Rc8 46.
Qd3 Qc4 47. Ke2 Re8+ 48. Kf3 Rf8+ 49. Kg2 Qxd3 50. Rxd3 Rf4 51. Rd4 Rxd4 52.
cxd4 b5 53. f4 Kb8 54. Kf2 bxa4 55. f5 Kc7 56. Ke2 a3 57. f6 Kd7 58. Kd2 a2 59.
f7 Ke7 60. Kc2 a1=Q 61. f8=Q+ Kxf8 62. d5 Qd4 0-1

[Event "Xtracon Chess Open 2017"]
[Site "Helsingor DEN"]
[Date "2017.07.22"]
[Round "1.178"]
[White "French, Max"]
[Black "Jacobsen, Jerlow Lytomt"]
[Result "1-0"]
[WhiteElo "2001"]
[BlackElo "1415"]
[WhiteFideId "426652"]
[BlackFideId "1521390"]
[EventDate "2017.07.22"]

1. d4 d5 2. c4 e6 3. Nc3 Nf6 4. cxd5 exd5 5. Bg5 Be7 6. e3 O-O 7. Bd3 Nc6 8. a3
Re8 9. Nge2 Qd6 10. Qc2 h6 11. Bf4 Qd8 12. Nb5 Bd6 13. Nxd6 cxd6 14. h3 Ne4 15.
Bxe4 dxe4 16. Nc3 d5 17. Qb3 Ne7 18. Rc1 b6 19. Nb5 Ba6 20. Nc7 Rc8 21. Kd2 Bc4
22. Qa4 b5 23. Nxb5 Qd7 24. Nc3 Qxa4 25. Nxa4 Bb3 26. Nc5 Bc4 27. b3 Bb5 28. Rc3
a5 29. Rhc1 Ra8 30. Nb7 a4 31. b4 Rec8 32. Nd6 Rxc3 33. Rxc3 Bd7 34. Rc7 Rd8 35.
Nb7 Rc8 36. Rxd7 Nc6 37. Rc7 Rxc7 38. Bxc7 Kf8 39. b5 Na7 40. Ba5 Ke7 41. Nc5
Kd6 42. b6 1-0

[Event "Xtracon Chess Open 2017"]
[Site "Helsingor DEN"]
[Date "2017.07.22"]
[Round "1.179"]
[White "Kreken, Eivind Grunt"]
[Black "Quinn, David"]
[Result "0-1"]
[WhiteElo "1412"]
[BlackElo "2001"]
[WhiteFideId "1532359"]
[BlackFideId "2401452"]
[EventDate "2017.07.22"]

1. e4 e5 2. Nf3 Nc6 3. Bc4 Nf6 4. d4 exd4 5. O-O Bc5 6. e5 d5 7. exf6 dxc4 8.
fxg7 Rg8 9. Bg5 Be7 10. Bxe7 Kxe7 11. Re1+ Be6 12. Nh4 Qd5 13. f4 Rxg7 14. f5
Rag8 15. Qe2 Rg4 16. fxe6 fxe6 17. Nd2 Rxh4 18. Nxc4 d3 19. cxd3 Nd4 20. Nd2
Nxe2+ 21. Rxe2 Rhg4 0-1

[Event "Xtracon Chess Open 2017"]
[Site "Helsingor DEN"]
[Date "2017.07.22"]
[Round "1.180"]
[White "Thybo, Thomas Sondergaard"]
[Black "Aasen, Joakim"]
[Result "1-0"]
[WhiteElo "1999"]
[BlackElo "1386"]
[WhiteFideId "1441299"]
[BlackFideId "1539078"]
[EventDate "2017.07.22"]

1. e4 e6 2. d4 d5 3. Nd2 Nf6 4. e5 Nfd7 5. Bd3 c5 6. c3 Nc6 7. Ne2 cxd4 8. cxd4
f6 9. exf6 Nxf6 10. O-O Bd6 11. Nf3 Qc7 12. g3 O-O 13. Bf4 Nh5 14. Ng5 h6 15.
Bxd6 Qxd6 16. Bh7+ Kh8 17. Bg6 Nxg3 18. Nxg3 Qf4 19. Nh3 Qh4 20. Qh5 Nxd4 21. f4
Qxh5 22. Nxh5 e5 23. Kg2 Bxh3+ 24. Kxh3 e4 25. Rfd1 Ne6 26. Rxd5 Rxf4 27. Re5
Ng5+ 28. Rxg5 hxg5 29. Nxf4 gxf4 30. Bxe4 Re8 31. Bxb7 Rb8 32. Be4 g5 33. b3 Kg7
34. Kg4 Kf6 35. h4 gxh4 36. Kxf4 Rd8 37. Rh1 Rh8 38. Rh3 Ke6 39. b4 Rf8+ 40. Ke3
Rh8 41. a4 Kd6 42. Kd4 Ke6 43. b5 Rd8+ 44. Kc5 Rc8+ 45. Bc6 Rh8 46. Re3+ Kf5 47.
Kd6 Kg5 48. Kc7 h3 49. Kb7 Rh7+ 50. Kb8 Kf4 51. Re1 h2 52. Bb7 1-0

[Event "Xtracon Chess Open 2017"]
[Site "Helsingor DEN"]
[Date "2017.07.22"]
[Round "1.181"]
[White "Lenaerts, Robbe"]
[Black "Fossan, Andreas"]
[Result "0-1"]
[WhiteElo "1386"]
[BlackElo "1998"]
[WhiteFideId "236853"]
[BlackFideId "1516108"]
[EventDate "2017.07.22"]

1. d4 e6 2. Nf3 Nf6 3. e3 c5 4. b3 b6 5. Bb2 Bb7 6. Nbd2 Be7 7. Bd3 cxd4 8. exd4
O-O 9. O-O d6 10. c4 Nbd7 11. Re1 Re8 12. Ng5 d5 13. Ngf3 Rc8 14. Ne5 dxc4 15.
bxc4 Nxe5 16. Rxe5 Bd6 17. Re3 Ba6 18. Qa4 Bb7 19. d5 Bxh2+ 20. Kh1 Bf4 21. Rae1
Ng4 22. d6 Qh4+ 23. Rh3 Qxh3+ 24. Kg1 Qxg2# 0-1

[Event "Xtracon Chess Open 2017"]
[Site "Helsingor DEN"]
[Date "2017.07.22"]
[Round "1.182"]
[White "Frisk, Hans"]
[Black "Hestholm, Gustav"]
[Result "1-0"]
[WhiteElo "1997"]
[BlackElo "1379"]
[WhiteFideId "1708570"]
[BlackFideId "1529153"]
[EventDate "2017.07.22"]

1. c4 e5 2. g3 Nf6 3. Bg2 Bb4 4. a3 Bc5 5. e3 c6 6. b4 Bb6 7. Bb2 d6 8. Ne2 Be6
9. Qc2 Qd7 10. O-O Bf5 11. d3 Bh3 12. Nd2 h5 13. Nf3 Bxg2 14. Kxg2 Qg4 15. c5 e4
16. dxe4 dxc5 17. bxc5 Bc7 18. e5 Nd5 19. e4 Ne7 20. Nf4 Ng6 21. Nxg6 Qxg6 22.
Nh4 Qe6 23. Nf5 Kf8 24. Nd6 Nd7 25. f4 h4 26. f5 hxg3 27. fxe6 Rxh2+ 28. Kxg3
Rxc2 29. Rxf7+ Kg8 30. Rxd7 Bxd6 31. cxd6 Rxb2 32. e7 Rb3+ 33. Kg4 Re8 34. Rd8
Kf7 35. Rf1+ Ke6 36. Rxe8 Kd7 37. Rd8+ 1-0

[Event "Xtracon Chess Open 2017"]
[Site "Helsingor DEN"]
[Date "2017.07.22"]
[Round "1.184"]
[White "Samaganova, Alexandra"]
[Black "Von Knobloch, Hanno"]
[Result "1-0"]
[WhiteElo "1992"]
[BlackElo "1356"]
[WhiteFideId "13800221"]
[BlackFideId "12993247"]
[EventDate "2017.07.22"]

1. c4 c5 2. Nc3 Nc6 3. g3 g6 4. Bg2 Bg7 5. e4 d6 6. Nge2 e6 7. O-O Bd7 8. a3
Nge7 9. Rb1 a6 10. b4 Nd4 11. bxc5 Bc6 12. cxd6 Qxd6 13. Nxd4 Qxd4 14. Qb3 O-O
15. Ne2 Qd7 16. f4 Rab8 17. Qe3 Rfd8 18. Rf2 Bd4 19. Nxd4 Qxd4 20. Bb2 Qxc4 21.
d4 Qa4 22. Qc3 Bxe4 23. d5 1-0